01069nam a2200265Ia 4500008004100000020001800041050001600059050001900075245001600094245007000110245003900180260001500219260002200234260000900256300001600265300005200281300001100333440000700344500026000351650004700611650002800658650004000686650003300726650004400759161112s9999 xx 000 0 und d a962-258-233-8 aREF DS 655  b.K37 1998 v.10 0aKasaysayan: 4bthe story of Filipino people : a timeline of Philippine history / 0cHenry S. Totanes, Research Editor. a[s. l. ] : bAsia Publishing,  c1998 a303 pages : billustrations (some color), maps (some color) ; c29 cm. v10 aIncludes bibliographical references and index. v. 1. The Philippine archipelago / Raymundo S. Punongbayan, Prescillano M. Zamora, Perry S. Ong -- v. 2. The Earliest Filipino / Fr. Gabriel S. Casal ... [et al.] -- v. 3. The Spanish conquest / Jose S. Arcil aPhilippines -- History -- Pictorial works. aPhilippines -- History. aPhilippines Description and Travel. xPhilippines -- Civilization. xPhilippines -- Politics and Government.